<?xml version="1.0" encoding="UTF-8"?>
<collection xmlns="http://www.loc.gov/MARC21/slim">
 <record>
  <leader>00625pamaa2200181   4500</leader>
  <controlfield tag="001">0000022837</controlfield>
  <controlfield tag="005">20060529090000.0</controlfield>
  <datafield tag="020" ind1="0" ind2="0">
   <subfield code="a">0079137296 (hard) </subfield>
  </datafield>
  <datafield tag="082" ind1=" " ind2=" ">
   <subfield code="a">658.5 HAR 1998</subfield>
  </datafield>
  <datafield tag="090" ind1="0" ind2="0">
   <subfield code="a">TS156.8 </subfield>
   <subfield code="b">HAR 1998</subfield>
  </datafield>
  <datafield tag="100" ind1="1" ind2="0">
   <subfield code="a">HARRINGTON </subfield>
  </datafield>
  <datafield tag="245" ind1="1" ind2="0">
   <subfield code="a">Statistical analysis simplified : </subfield>
   <subfield code="b">the easy-to-understand guide to SPC and data analysis  </subfield>
   <subfield code="c">H. James Harrington, Glen D. Hoffherr and Robert P. Reid.</subfield>
  </datafield>
  <datafield tag="260" ind1="0" ind2="0">
   <subfield code="a">New York: </subfield>
   <subfield code="b">McGraw Hill, </subfield>
   <subfield code="c">1998.</subfield>
  </datafield>
  <datafield tag="300" ind1=" " ind2=" ">
   <subfield code="a">xviii, 169p.; </subfield>
   <subfield code="c">25cm.</subfield>
  </datafield>
  <datafield tag="500" ind1="0" ind2="0">
   <subfield code="a">Includes 1 CD-ROM</subfield>
  </datafield>
  <datafield tag="650" ind1="0" ind2="0">
   <subfield code="a">Process control -- </subfield>
   <subfield code="x">Statistical methods </subfield>
  </datafield>
  <datafield tag="700" ind1="1" ind2="1">
   <subfield code="a">Hoffherr, </subfield>
   <subfield code="h">Glen D. </subfield>
  </datafield>
  <datafield tag="700" ind1="1" ind2="1">
   <subfield code="a">Reid, </subfield>
   <subfield code="h">Robert P. </subfield>
  </datafield>
 </record>
</collection>
